LEADER 01462nam a2200325 u 4500 001 000000059902 003 CaOOAMICUS 005 20070226120843.0 008 010706s2001 it u000 u ita u 020 $a8877383356 035 $a10896425 040 $aPUL$bita 041 1 $aita$hspa 100 1 $aZambrano, María,$d1904-1991.$0(OLS)http://pul/name/23744 240 10$aTumba de Antìgona e Diotima de Mantinea.$lItaliano.$0(OLS)http://pul/title/80136 245 13$aLa tomba di Antigone :$bDiotima di Mantinea /$cMaría Zambrano ; traduzione e introduzione di Carlo Ferrucci ; con un saggio di Rosella Prezzo. 260 $aMilano :$bLa Tartaruga edizioni,$cc2001. 300 $a157 p. ;$c21 cm 490 1 $aSaggistica 650 4$aAntigone nella letteratura.$0(OLS)http://pul/subject/23223 700 1 $aPrezzo, Rosella.$0(OLS)http://pul/name/36225 700 1 $aFerrucci, Carlo,$d1947-$0(OLS)http://pul/name/23746 830 0$aSaggistica (La Tartaruga).$0(OLS)http://pul/title/80138 850 $aPUL 852 $aPUL$W1$xSL Filosofia 2$y80$mPhil D4 91a$j78077$nBK-PRI$b $qStampati altre collocazioni$B78077$CPULBib$Z2$F78077 $H $81 941 1 $a10 961 $aINV: 85038 996 $6020$a8877383356$9(OLS)http://pul/number/76641 996 $6245$aLa tomba di Antigone :$bDiotima di Mantinea$9(OLS)http://pul/title/80137 996 $6260$aMilano :$bLa Tartaruga edizioni$9(OLS)http://pul/publisher/69860 LEADER 01205nam a2200301 a 4500 001 000000148096 003 CaOOAMICUS 005 20151211134824.0 008 151211s1971 it u000 u ita r 032 $aLibriCat 040 $aPUL$bita 041 1 $aita$hfre 100 1 $aNédoncelle, Maurice,$d1905-$0(OLS)http://pul/name/5761 240 10$aChrétien apprtient à deux mondes.$lItaliano.$0(OLS)http://pul/title/186867 245 10$aBipolarità del cristiano /$cMaurice Nédoncelle ; edizione italiana a cura di Crispino Valenziano. 260 $aRoma :$bA.V.E.,$cc1971. 300 $a199 p. ;$c22 cm. 490 1 $aSaggi ;$v09 504 $aBibliografia in nota. 650 4$aCristianesimo$xStudi.$0(OLS)http://pul/subject/5622 700 1 $aValenziano, Crispino.$0(OLS)http://pul/name/41985 830 0$aSaggi (A.V.E.) ;$v09.$0(OLS)http://pul/title/80225 850 $aPUL 852 $aPUL$W1$xDP1 Fondo Bordoni$y120$m3 B 84$j162987$qFondi$B171927$CPULBib$Z2$F171927 $HBor76 $81 941 1 $a1 996 $6245$aBipolarità del cristiano$9(OLS)http://pul/title/186868 996 $6260$aRoma :$bA.V.E.$9(OLS)http://pul/publisher/47979